[Event "4NCL/Div1/BAR2 vs. SLO1"]
[Site "West Bromwich ENG"]
[Date "2003.05.05"]
[Round "11.8"]
[White "Roberson, Peter T"]
[Black "Regan, Natasha"]
[Result "1-0"]
[WhiteElo "1792"]
[BlackElo "2200"]
[PlyCount "61"]
[EventDate "2003.05.05"]

1. e4 Nf6 2. e5 Nd5 3. d4 d6 4. c4 Nb6 5. exd6 exd6 6. Nc3 Be7 7. h3 O-O 8. Nf3
Re8 9. Be2 Bf6 10. O-O Nc6 11. Bf4 Na5 12. b3 Bf5 13. Rc1 d5 14. Nxd5 Nxd5 15.
cxd5 Qxd5 16. Rc5 Qe4 17. Be3 Nc6 18. Nd2 Qe7 19. Rxf5 Bxd4 20. Bc4 Bf6 21. Bc5
Qd7 22. Rd5 Qe6 23. Nf3 Na5 24. Re5 Qc6 25. Rxe8+ Rxe8 26. Qd5 Qxd5 27. Bxd5 c6
28. Bb4 cxd5 29. Bxa5 h6 30. Rd1 Rc8 31. Rxd5 1-0